000 00426nam a22001457a 4500
999 _c7738
_d7736
005 20210323140146.0
008 210323b ||||| |||| 00| 0 eng d
082 _a345.408 23
100 _aMANOHAR AND CHITALEY
_96503
245 _aTHE AIR MANUAL CIVIL AND CRIMINAL [CIVIL P.C. [1908] ORDER 18 TO ORDER38 [VOL-6]
260 _aNAGPUR
_bTHE ALL INDIA REPORTER PVT.LTD
300 _a1337,p
650 _aLAW
_95701
942 _cJRL